Deductio ex qua probatur clarissimis argumentis, non esse jus devolutionis in ducatu Brabantiae, nec in aliis Belgii provinciis ratione principum earum, pro ut quidam conati sunt assere

Detalles Bibliográficos
Formato: Libro
Lenguaje:Undetermined
Latin
Publicado: [s.l. : s.n.], 1665.
Materias:
Colección:Banco de datos
Acervo:Biblioteca Palafoxiana. Colección bibliográfica
Descripción Física:24 p. ; 4°
Tema general:Derecho civil
Notas:Marca de fuego: Colegio de San Juan. Número de localización: 17686-B Encuadernado con 1 obra
LEADER 00659nam a2200157Ia 4500
008 150723s9999 xx 000 0 und d
041 0 |a lat 
050 0 |a PAFX K623 D4 
245 1 0 |a Deductio ex qua probatur clarissimis argumentis, non esse jus devolutionis in ducatu Brabantiae, nec in aliis Belgii provinciis ratione principum earum, pro ut quidam conati sunt assere 
260 |a [s.l. : s.n.], 1665. 
300 |a 24 p. ; 4° 
500 |a Marca de fuego: Colegio de San Juan. Número de localización: 17686-B Encuadernado con 1 obra 
650 1 0 |a Derecho civil 
942 |c PALALIB 
943 |g Biblioteca Palafoxiana. Colección bibliográfica 
999 |c 1048087  |d 1048087